Outlines of ancient Egyptian history /

محفوظ في:

المؤلف الرئيسي: Mariette, Auguste, 1821-1881. (مؤلف)

مؤلفون آخرون: Brodrick, M., Winslow, William C. 1840-1917.

التنسيق: كتاب

اللغة: English
French

منشور في: New York : C. Scribner's sons, 1892.

الموضوعات:

الوسوم: إضافة وسم

لا توجد وسوم, كن أول من يضع وسما على هذه التسجيلة!

رقم الطلب: DT83 .M33

LEADER 01041nam a22002897a 4500
003 OSt
005 20260210120023.0
008 260210t1892 nyub g b 000 0 eng d
010 |a 05009466 
040 |c ARCE Library 
041 1 |a eng  |h fre 
043 |a f-ua--- 
050 1 4 |a DT83  |b .M33 
100 1 |a Mariette, Auguste,   |d 1821-1881.  |e author 
240 1 0 |a Aperçu de l'histoire ancienne d'Egypte.   |l English 
245 1 0 |a Outlines of ancient Egyptian history /   |c By Auguste Mariette ; Tr., ed., with notes, by Mary Brodrick ; With an introductory note by William C. Winslow. 
264 1 |a New York :   |b C. Scribner's sons,   |c 1892. 
300 |a xxxii, 155 pages :   |b map ;   |c 20 cm. 
500 |a Translation from : Aperçu de l'histoire ancienne d'Egypte. 
504 |a "Books of reference": p. [145] 
651 0 |a Egypt   |x History   |y To 332 B.C. 
651 0 |a Egypt  |x Antiquities. 
700 1 |a Brodrick, M.  |9 27341 
700 1 |a Winslow, William C.  |q (William Copley),  |d 1840-1917. 
901 |a reviewed 
942 |c BK  |2 lcc 
999 |c 19203  |d 19203